000 00297nam a22001337a 4500
008 170522b xxu||||| |||| 00| 0 eng d
020 _a0155055763
041 _aeng
080 _a94
100 _a16
101 _aSHH
245 _aA BRIEF HISTORY OF WESTERN MAN
_cGREER, TH.H
942 _2udc
_cBK
999 _c13678
_d13678